[Event "RUS-ch Men Blitz 2019"]
[Site "Sochi"]
[Date "2019.10.17"]
[Round "7.16"]
[White "Antipov, Mikhail Al."]
[Black "Ozgibcev, Anatoly"]
[Result "1-0"]
[WhiteElo "2567"]
[BlackElo "2367"]
[Annotator "TA"]
[PlyCount "121"]
[EventDate "2019.10.17"]
[EventType "swiss"]
[EventCountry "RUS"]
[SourceTitle "playchess.com"]
[Source "ChessBase"]
[SourceQuality "1"]

{[%evp 9,120,1,14,-47,1,-12,51,47,45,40,70,65,57,59,67,50,58,52,82,56,135,145,140,114,116,121,118,100,103,99,95,79,126,54,52,56,45,61,75,22,85,83,77,87,137,116,135,92,112,47,135,135,167,104,135,132,135,133,135,135,123,0,115,13,42,0,131,77,75,85,84,62,62,53,97,102,84,62,61,61,61,3,31,24,24,23,31,31,31,31,31,31,31,31,31,31,31,31,31,31,31,31,31,15,32,32,32,47,317,308,29998,29999,29999]} 1. e4 d5 2. exd5 Nf6 3. d4 Bg4 4. Qd3 (4. Be2 Bxe2 5. Qxe2 Qxd5 6. Nf3 e6 7. O-O Nc6 8. Be3 O-O-O 9. c4 Qf5 10. Nc3 Bd6 11. Rad1 Rhe8 12. Rfe1 Bb4 13. a3 Bxc3 14. bxc3 Qa5 15. Qb2 Qa6 16. Rb1 Na5 17. Ne5 Nxc4 18. Nxc4 Qxc4 19. Qxb7+ {0-1 (58) Andriasian,Z (2600)-Adhiban,B (2683) chess.com INT 2019}) 4... Qxd5 5. Nc3 Qd7 (5... Qa5 {looks sharper.} 6. b4 Qb6 7. a3 e6 8. Be2 Bf5) 6. Bf4 {B01: Scandinavian Defence} (6. Be3 $11) 6... e6 7. Nf3 Bxf3 (7... Nc6 $11) 8. Qxf3 $14 {White is slightly better.} Nc6 $146 ({Predecessor:} 8... c6 9. Be5 Be7 10. Bd3 Qd8 11. O-O-O Nbd7 {½-½ (35) Ionescu,D (2364)-Becker,J (2103) Germany 2005}) 9. Bb5 a6 10. Bxc6 $1 bxc6 11. Be5 Nd5 12. O-O f6 13. Bg3 Bd6 14. Ne4 (14. Na4 {feels hotter.} O-O 15. Rad1 Rad8 16. Rfe1 Rfe8 17. b3) 14... Bxg3 (14... O-O $14) 15. hxg3 $16 O-O 16. Nc5 Qd6 17. Rfe1 e5 18. Ne4 Qb4 19. dxe5 fxe5 20. Qg4 Rae8 21. c4 (21. b3 $16) 21... Nf6 $14 22. Nxf6+ Rxf6 23. Re2 Rfe6 24. Rae1 (24. Rd1 $16) 24... Qd6 (24... e4 $11 {keeps the balance.}) 25. b3 a5 26. Qe4 g6 27. Re3 R8e7 28. Rd3 Qc5 29. Red1 (29. Rd8+ $16 Kg7 30. Ra8 (30. Qf3 Rf6 $16)) 29... Kg7 {[#]} (29... Rd6 $14) 30. Rd7 $1 $16 h5 31. Kf1 (31. g4 $18 hxg4 32. Qxg4 Rxd7 33. Rxd7+ Re7 34. g3) 31... Rf6 {[%csl Gf6][%cal Rc5f2]} 32. Rxe7+ Qxe7 {[%mdl 4096] Endgame KQR-KQR} 33. Re1 Qc5 {[%csl Gf6][%cal Rc5f2] [#]} 34. Re2 Re6 35. Re1 (35. Kg1 $16) 35... Qd6 (35... Rf6 $11 36. Re2 Rf5) 36. Ke2 ({White should play} 36. Qc2 $16) 36... Qc5 37. Rd1 Re7 (37... Rd6 $11) 38. Qe3 (38. Rd2 $142) 38... Qa3 39. Rd2 a4 40. Qc3 axb3 41. axb3 {[%cal Ba2b3,Bb3b4][%mdl 32]} Qc5 42. b4 Qa7 43. c5 Qa6+ 44. Ke1 Qc8 45. f3 ({White should try} 45. Kf1 $14) 45... Qf5 46. Kf2 Qf6 47. Re2 h4 48. Re4 hxg3+ 49. Kxg3 Qg5+ 50. Kf2 Qf5 51. g3 Kf7 52. Kg2 Kg7 53. Qe3 g5 54. g4 Qf6 55. Qd3 Qe6 56. Re1 Qa2+ 57. Kg3 {Threatens to win with Rh1.} Qe6 58. Rh1 {aiming for Qh7+.} Qg6 $2 {[%mdl 8192]} (58... e4 $14 59. Qd4+ Kg6) 59. Qd8 $18 Qf7 $2 (59... Qe8 $18 60. Qd2 Qg6) 60. Qh8+ Kg6 61. Rh6# {Played: Qh8-h6} 1-0

[Event "RUS-ch Men Blitz 2019"]
[Site "Sochi"]
[Date "2019.10.17"]
[Round "7.17"]
[White "Iljin, Artem"]
[Black "Savitskiy, Sergey"]
[Result "0-1"]
[WhiteElo "2509"]
[BlackElo "2407"]
[Annotator "TA"]
[PlyCount "63"]
[EventDate "2019.10.17"]
[EventType "swiss"]
[EventCountry "RUS"]
[SourceTitle "playchess.com"]
[Source "ChessBase"]
[SourceQuality "1"]

{[%evp 15,63,29,45,46,52,31,85,87,110,64,55,59,58,54,73,70,62,54,75,75,65,68,79,22,52,0,17,-16,-6,0,25,13,12,14,89,97,76,65,106,92,87,101,271,112,104,31,23,0,107,35]} 1. Nf3 Nf6 2. c4 g6 3. d4 Bg7 4. Nc3 O-O 5. Bg5 d6 6. e3 Nbd7 7. Be2 b6 8. O-O Bb7 9. Qc2 {E61: King's Indian: Early deviations for White, including Smyslov System} (9. Nd2 h6 10. Bh4 d5 11. cxd5 Nxd5 12. Nxd5 Bxd5 13. Bf3 Bxf3 14. Nxf3 c5 15. Rc1 Rc8 16. Qe2 cxd4 17. Nxd4 Rxc1 18. Rxc1 Bxd4 19. exd4 {½-½ (47) Aronian,L (2784)-Li,C (2755) Stavanger 2016}) 9... e5 10. Rfd1 e4 (10... exd4 $14 11. Nxd4 Re8) 11. Nd2 $16 Re8 12. d5 $146 ({Predecessor:} 12. Ndxe4 h6 13. Nxf6+ Nxf6 14. Bh4 g5 15. Bg3 Ne4 16. Nxe4 Bxe4 {1-0 (34) Viasus,R (1939)-Perez Valcarcel,M (1412) Florencia 2015}) 12... h6 13. Bh4 {[%cal Rd2e4]} g5 14. Bg3 Qe7 15. Nb3 h5 {...h4 is the strong threat.} 16. h3 h4 17. Bh2 Nc5 18. Nd4 a5 19. b3 (19. Rf1 $16) 19... Bc8 $11 20. a3 g4 $1 {[%cal Rg4h3]} 21. hxg4 Nxg4 22. Bf4 h3 23. gxh3 Ne5 24. Nxe4 Nxe4 (24... Ng6 $11 {keeps the balance.} 25. Ng5 Nxf4 26. exf4 Bxd4 27. Qh7+ (27. Rxd4 Qf6 $14) 27... Kf8 28. Rxd4 Qf6) 25. Qxe4 $16 Bxh3 26. Bg3 Qd7 27. Qf4 Ng6 28. Qg5 Bf8 $2 (28... Qe7 $16 {is a better defense.} 29. Qh5 Bd7) 29. Bd3 (29. Kh2 $1 $18 {is the precise move to win. Black must now prevent Qh5.} Bg7 30. Bh5) 29... Be7 {[#]} 30. Qh6 (30. Qf5 $1 $16) 30... Bf8 $14 31. Qg5 ({White should try} 31. Qh5 $11 Bg4 32. Qh1) 31... Be7 $1 $16 {[%cal Re7g5] [#]} 32. Qh5 {[%mdl 32768] Accuracy: White = 40%, Black = 52%. . Loss on time!?} (32. Qf5 $1 $16) 0-1

[Event "RUS-ch Men Blitz 2019"]
[Site "Sochi"]
[Date "2019.10.17"]
[Round "7.18"]
[White "Denishev, Marat"]
[Black "Lugovskoy, Maxim"]
[Result "0-1"]
[WhiteElo "2167"]
[BlackElo "2436"]
[Annotator "NA"]
[PlyCount "57"]
[EventDate "2019.10.17"]
[EventType "swiss"]
[EventCountry "RUS"]
[SourceTitle "playchess.com"]
[Source "ChessBase"]
[SourceQuality "1"]
[TimeControl "180+2"]

1. d4 {[%emt 0:00:00]} d5 {[%emt 0:00:00]} 2. Nf3 {[%emt 0:00:00]} e6 {[%emt 0:00:00]} 3. c4 {[%emt 0:00:02]} a6 {[%emt 0:00:00]} 4. cxd5 {[%emt 0:00:05]} exd5 {[%emt 0:00:01]} 5. Nc3 {[%emt 0:00:02]} c6 {[%emt 0:00:00]} 6. Bf4 {[%emt 0:00:05]} Bd6 {[%emt 0:00:01]} 7. g3 {[%emt 0:00:12]} Ne7 {[%emt 0:00:10]} 8. e3 {[%emt 0:00:03]} Ng6 {[%emt 0:00:04]} 9. Bd3 {[%emt 0:00:09]} Qe7 {[%emt 0:00:12]} 10. Bxd6 {[%emt 0:00:08]} Qxd6 {[%emt 0:00:01]} 11. Qc2 {[%emt 0:00:07]} Bg4 {[%emt 0:00:04]} 12. Be2 {[%emt 0:00:15]} Nd7 {[%emt 0:00:03]} 13. h3 {[%emt 0:00:02]} Bxf3 {[%emt 0:00:11]} 14. Bxf3 {[%emt 0:00:02]} O-O {[%emt 0:00:01]} 15. h4 {[%emt 0:00:07]} Rfe8 {[%emt 0:00:04]} 16. h5 {[%emt 0:00:04]} Ngf8 {[%emt 0:00:00]} 17. O-O {[%emt 0:00:15]} Nf6 {[%emt 0:00:08]} 18. Kg2 {[%emt 0:00:03]} h6 {[%emt 0:00:01]} 19. Ne2 {[%emt 0:00:06]} Ne6 {[%emt 0:00:01]} 20. Nf4 {[%emt 0:00:27]} Ng5 {[%emt 0:00:04]} 21. Be2 {[%emt 0:00:06]} Re7 {[%emt 0:00:01]} 22. Nd3 {[%emt 0:00:17]} Nd7 {[%emt 0:00:03]} 23. Bg4 {[%emt 0:00:22]} Nf6 {[%emt 0:00:05]} 24. Be2 {[%emt 0:00:08]} Nd7 {[%emt 0:00:02]} 25. Bg4 {[%emt 0:00:02]} Rae8 {[%emt 0:00:01]} 26. Bxd7 {[%emt 0:00:06]} Qxd7 {[%emt 0:00:00]} 27. Ne5 {[%emt 0:00:08]} Qh3+ {[%emt 0:00:03]} 28. Kg1 {[%emt 0:00:05]} Rxe5 {[%emt 0:00:01]} 29. Qd1 0-1

[Event "RUS-ch Men Blitz 2019"]
[Site "Sochi"]
[Date "2019.10.17"]
[Round "7.19"]
[White "Papin, Vasily"]
[Black "Linker, Mikhail"]
[Result "1-0"]
[WhiteElo "2481"]
[BlackElo "2269"]
[Annotator "ChessBase"]
[PlyCount "71"]
[EventDate "2019.10.17"]
[EventType "swiss"]
[EventCountry "RUS"]
[SourceTitle "playchess.com"]
[Source "ChessBase"]
[SourceQuality "1"]
[TimeControl "180+2"]

1. c4 {[%emt 0:00:00]} Nf6 {[%emt 0:00:00]} 2. Nc3 {[%emt 0:00:00]} g6 {[%emt 0:00:00]} 3. g3 {[%emt 0:00:01]} Bg7 {[%emt 0:00:01]} 4. Bg2 {[%emt 0:00:01]} O-O {[%emt 0:00:01]} 5. d4 {[%emt 0:00:01]} d6 {[%emt 0:00:03]} 6. Nf3 {[%emt 0:00:01]} Nc6 {[%emt 0:00:03]} 7. O-O {[%emt 0:00:02]} a6 {[%emt 0:00:01]} 8. Bf4 {[%emt 0:00:01]} Rb8 {[%emt 0:00:01]} 9. Rc1 {[%emt 0:00:01]} Bd7 {[%emt 0:00:02]} 10. Qd2 {[%emt 0:00:01]} e6 {[%emt 0:00:05]} 11. Bh6 {[%emt 0:00:24]} b5 {[%emt 0:00:37]} 12. Bxg7 {[%emt 0:00:02]} Kxg7 {[%emt 0:00:01]} 13. cxb5 {[%emt 0:00:12]} axb5 {[%emt 0:00:02]} 14. d5 {[%emt 0:00:00]} Ne7 {[%emt 0:00:26]} 15. dxe6 {[%emt 0:00:06]} Bxe6 {[%emt 0:00:01]} 16. b3 {[%emt 0:00:08]} c5 {[%emt 0:00:06]} 17. Ng5 {[%emt 0:00:19]} d5 {[%emt 0:00:10]} 18. Rfd1 {[%emt 0:00:10]} d4 {[%emt 0:00:05]} 19. Nxe6+ {[%emt 0:00:06]} fxe6 {[%emt 0:00:01]} 20. Ne4 {[%emt 0:00:00]} Nxe4 {[%emt 0:00:04]} 21. Bxe4 {[%emt 0:00:02]} Qd6 {[%emt 0:00:37]} 22. b4 {[%emt 0:00:01]} Qe5 {[%emt 0:00:01]} 23. Bf3 {[%emt 0:00:08]} Qf6 {[%emt 0:00:31]} 24. bxc5 {[%emt 0:00:23]} e5 {[%emt 0:00:02]} 25. c6 {[%emt 0:00:06]} Rbc8 {[%emt 0:00:26]} 26. c7 {[%emt 0:00:10]} Qd6 {[%emt 0:00:02]} 27. Qa5 {[%emt 0:00:06]} Nd5 {[%emt 0:00:10]} 28. Qxb5 {[%emt 0:00:12]} Nxc7 {[%emt 0:00:02]} 29. Qb7 {[%emt 0:00:03]} Kh8 {[%emt 0:00:05]} 30. Bg4 {[%emt 0:00:02]} Qf6 {[%emt 0:00:07]} 31. Bxc8 {[%emt 0:00:06]} Qxf2+ 32. Kh1 Qxe2 {[%emt 0:00:04]} 33. Re1 {[%emt 0:00:23]} Qd2 {[%emt 0:00:05]} 34. Qxc7 {[%emt 0:00:10]} Rf2 {[%emt 0:00:01]} 35. Qxe5+ {[%emt 0:00:03]} Kg8 {[%emt 0:00:01]} 36. Be6+ {[%emt 0:00:04]} 1-0

[Event "RUS-ch Men Blitz 2019"]
[Site "Sochi"]
[Date "2019.10.17"]
[Round "7.20"]
[White "Vastrukhin, Oleg"]
[Black "Mikhailovsky, Vladimir"]
[Result "1-0"]
[WhiteElo "2428"]
[BlackElo "2209"]
[Annotator "TA"]
[PlyCount "117"]
[EventDate "2019.10.17"]
[EventType "swiss"]
[EventCountry "RUS"]
[SourceTitle "playchess.com"]
[Source "ChessBase"]
[SourceQuality "1"]

{[%evp 9,117,43,74,25,75,73,86,87,81,87,77,76,135,141,136,120,151,122,468,452,396,288,548,541,460,242,491,133,451,213,185,162,361,117,216,172,153,176,168,105,170,103,124,129,129,116,122,117,141,109,125,124,181,163,180,174,176,72,84,58,43,24,36,41,85,41,48,0,61,-17,-17,-51,-14,-16,-14,-10,48,0,-12,-16,0,0,25,31,35,-8,-8,-361,-351,-920,-879,-933,-699,-558,0,0,0,0,5065,0,8,0,29989,29965,29955,0,29990,29991,29989,29990]} 1. g3 d5 2. Nf3 h5 (2... Nf6 3. Bg2 e6 4. O-O Be7 5. c4 O-O 6. d4 dxc4 7. Qc2 a6 8. a4 Bd7 9. Qxc4 Bc6 10. Bg5 Nbd7 11. Nc3 h6 12. Bxf6 Nxf6 13. Rfd1 Bd5 14. Qd3 Bxf3 15. Bxf3 c6 16. e3 a5 17. h4 h5 18. e4 g6 19. Qe3 Re8 {1-0 (47) Grischuk,A (2759)-Dominguez Perez,L (2763) Khanty-Mansiysk 2019}) 3. d4 e6 4. c4 $146 ({Predecessor:} 4. h4 Nc6 5. Bg2 Be7 6. c3 Nh6 7. b4 Nf5 8. a4 Bd6 9. Bb2 Qf6 10. Qd3 Bd7 11. Nbd2 {1-0 (35) Lapierre,G-Bluteau,Y Charlesbourg 2005}) 4... Be7 5. Nc3 h4 6. g4 {A07: Réti Opening: New York and Capablanca Systems} h3 7. g5 dxc4 8. e4 {White is better.} c5 9. d5 exd5 10. Nxd5 Nc6 (10... Bd6 $142) 11. Bxc4 $16 Bg4 {[#]} 12. Rg1 $1 {[%cal Rg1g4]} Bh5 13. Bf4 $36 {[%mdl 2048] White has strong initiative.} Nd4 $2 {[%mdl 8192]} (13... Kf8 $16) 14. Qa4+ $18 Kf8 15. Ne5 Nf3+ $2 (15... g6 16. Rg3 a6) 16. Nxf3 Bxf3 17. Rg3 (17. Qb3 $142 Bxe4 18. O-O-O (18. Qxb7 Rh4 $11) 18... Bxd5 19. Rxd5) 17... Bh5 $2 (17... Bxe4 18. O-O-O Bxd5) 18. Rd3 $2 (18. Nc7 $18) 18... Qc8 $2 {[%mdl 8192]} (18... Bxg5 $16 19. Be5 (19. Rxh3 Bxf4 20. Nxf4 Qg5 $11) 19... Bh4) 19. Nxe7 (19. f3 $142) 19... Nxe7 20. Bd6 {Black must now prevent Qb3.} Qg4 $2 (20... a6 {was necessary.}) 21. Kd2 $2 (21. Rg3 $18 {and the rest is easy.} Qc8 22. f3) 21... Rd8 (21... a6 $16) 22. Bxc5 {[%cal Rd3d8]} Qxg5+ 23. Be3 {[%cal Rd3d8]} Rxd3+ 24. Bxd3 (24. Kxd3 $18 Qe5 25. Qxa7) 24... Qf6 (24... Qe5 $16 {was worth a try.} 25. Qxa7 Qxb2+ {[%mdl 64] Double Attack} 26. Bc2 Qb4+ 27. Kc1 Qe1+ 28. Kb2 Qb4+ 29. Bb3 Kg8) 25. Qd4 ({White should try} 25. Qb4 $18) 25... Qxd4 26. Bxd4 Nc6 27. Bc3 f6 28. Ke3 Ke7 29. f4 Rd8 30. b4 {aiming for b5.} Rd7 (30... Kf7 $16 {was called for.} 31. b5 Ne7) 31. b5 Nd8 32. Bb4+ Ke8 33. b6 (33. Rg1 $18 {and White stays clearly on top.}) 33... axb6 $16 34. Bb5 Nc6 35. Rb1 {[%mdl 1024] White has compensation.} Bf7 36. a3 Kd8 37. Rc1 Rc7 38. Rg1 (38. Rd1+ {feels hotter.} Kc8 39. Bf8 g5 40. fxg5 fxg5 41. Rg1) 38... Be8 (38... Nxb4 $11 39. axb4 g6) 39. Bxc6 (39. Bd6 $14 Rd7 40. Bf8) 39... bxc6 $14 {[%mdl 4096] Endgame KRB-KRB} 40. Bd6 Rd7 41. e5 fxe5 42. fxe5 g6 (42... Kc8 $11) 43. Rg3 (43. Rb1 $14 b5 44. Rd1) 43... Rh7 $11 44. e6 c5 45. Kf4 Kc8 46. Ke5 Kb7 47. Rf3 Kc6 {...Rh5+ is the strong threat.} 48. Rf8 $2 {[%mdl 8192]} (48. Bf8 $11) 48... Rh5+ $19 49. Kf6 $2 (49. Kf4 Kxd6 50. Rxe8) 49... Rf5+ 50. Kg7 Kxd6 51. Rxe8 {KR-KR} Re5 $2 (51... Rf2 $19 52. Rh8 Rxh2 53. Kxg6 Kxe6) 52. Kf7 $11 c4 {Threatening ...Rf5+.} 53. Rd8+ Kc7 $2 {[%mdl 8192]} (53... Kc5 $11) 54. Rd4 $2 ({White has to play} 54. e7 $18 g5 55. e8=Q Rxe8 56. Rxe8) 54... b5 55. e7 Rf5+ $2 {[%mdl 8192]} (55... c3 $11 56. Rd5 Rxd5) 56. Kxg6 Re5 {[#]} 57. Kf7 $2 (57. Kf6 $1 {mates} Re1 58. Rd8 Rxe7 59. Kxe7 Kb6 60. Kf6 Kc6 61. Rh8 Kb6 62. Rxh3) 57... Rf5+ $2 {[%mdl 8192]} (57... c3 $11 58. Rd5 Rxd5) 58. Ke6 Rf2 59. Re4 {Accuracy: White = 41%, Black = 29%.} 1-0

[Event "RUS-ch Men Blitz 2019"]
[Site "Sochi"]
[Date "2019.10.17"]
[Round "7.21"]
[White "Gurvich, Vitaly"]
[Black "Sadovsky, Artem"]
[Result "0-1"]
[WhiteElo "2278"]
[BlackElo "2411"]
[Annotator "TA"]
[PlyCount "140"]
[EventDate "2019.10.17"]
[EventType "swiss"]
[EventCountry "RUS"]
[SourceTitle "playchess.com"]
[Source "ChessBase"]
[SourceQuality "1"]

{[%evp 10,140,27,23,33,37,49,39,77,56,83,79,68,60,89,79,128,116,118,92,99,104,137,109,116,119,126,34,31,-2,0,0,0,0,243,208,217,210,206,101,73,16,37,0,0,-87,39,20,7,3,4,6,0,0,22,22,61,24,20,-8,31,31,56,0,0,-25,-25,-38,-30,-38,-23,-23,-24,-49,0,-32,-33,-31,0,-62,-62,-62,117,-62,-62,-62,-62,-69,-70,-70,-62,-64,-8,-8,-8,-52,-8,-8,-8,-54,-54,-54,-54,-54,-54,-29968,-29969,-29966,0,-64,-64,-29961,-29953,-29968,-29968,-29970,-29972,-29972,-29973,-29970,-29971,-29983,-29984,-29984,-29985,-29985,-29986,-29987,-29988,-29989,-29990,-29990,-29991]} 1. e4 g6 2. d4 Bg7 3. Nf3 d6 4. Bc4 Nf6 5. Qe2 O-O 6. h3 d5 {B06: Modern Defence} (6... Nfd7 7. O-O Nc6 8. c3 e5 9. Bg5 Qe8 10. Na3 a6 11. Qd2 Nb6 12. Bb3 Na5 13. Bc2 f6 14. Bh4 {0-1 (39) Lagarde,M (2594)-Fedoseev,V (2733) Antalya 2017}) 7. exd5 Nxd5 8. O-O c6 {White is slightly better.} 9. Bb3 Re8 $146 ({Predecessor:} 9... a5 10. c4 a4 11. Bc2 Nb4 12. Be4 f5 13. Bc2 Nxc2 14. Qxc2 {1-0 (24) Gopal,G (2525)-Mammadova,G (2323) Al Ain 2015}) 10. c4 Nc7 11. Rd1 Nd7 12. Nc3 Nf6 13. Bf4 Ne6 14. Bh2 Qa5 15. c5 Qd8 16. d5 Nxc5 17. dxc6 Qb6 18. Bc4 (18. c7 $16) 18... bxc6 $14 19. Ne5 (19. Ng5 $5 {[%cal Rc4f7]} e6 20. Qf3 $14) 19... Be6 20. Rac1 Rac8 21. b3 a5 $2 (21... Bh6 $11 {and Black stays safe.}) 22. Na4 $18 {[%mdl 64] Overworked Piece} Nxa4 23. Bxe6 fxe6 {[#]} 24. bxa4 (24. Nc4 $1 $18 Qb5 25. Qxe6+ (25. bxa4 Qf5 $16) 25... Kh8 26. bxa4) 24... c5 $16 25. Nc4 (25. Rb1 $16 Qa7 26. Nc4 {[%mdl 64] Discovered Attack}) 25... Qa6 $11 26. Qe1 Nd5 27. Be5 {[#]} (27. a3 $11) 27... Rf8 (27... Bh6 $1 $17 28. Rc2 Nb4) 28. Bxg7 $14 Kxg7 29. Qxa5 Qxa5 30. Nxa5 Rf4 31. Nc4 Ra8 32. a5 Kf6 33. g3 Rd4 34. Kf1 e5 35. Re1 e4 36. Kg2 (36. Re2 $14) 36... Nb4 $11 {Threatens to win with ...Nd3.} 37. Rc3 Nxa2 38. Rc2 Nb4 $36 {[%mdl 2048] Black is pushing.} 39. Rc3 $1 Nd5 40. Rcc1 Ra6 41. h4 h5 42. Rc2 Nb4 43. Rc3 $1 Nc6 44. Ne3 (44. Rb1 $11) 44... Rxa5 $15 45. Rec1 Rd2 $2 (45... Ne5 $15 {keeps the upper hand.} 46. Rxc5 Rxc5 47. Rxc5 e6) 46. Rxc5 $2 (46. Nc4 $16 Raa2 47. Nxd2 Rxd2 48. Re1 (48. Rxc5 Ne5 $16)) 46... Rxc5 47. Rxc5 $16 {[%mdl 4096] Endgame KRN-KRN} Nb4 {Strongly threatening ...Nd3.} 48. Rc4 Nd3 49. Rxe4 Rxf2+ 50. Kg1 Rf3 (50... e5 $15) 51. Nd5+ $11 Kf5 52. Rxe7 Rxg3+ 53. Kh2 Rf3 54. Rf7+ {[#]} (54. Kg2 $5 {[%cal Rg2f3]} Kg4 55. Ne3+ Rxe3 56. Rxe3 Nf4+ 57. Kf2 $11) 54... Kg4 $1 {[%mdl 64] Discovered Attack} 55. Rxf3 Kxf3 $15 {KN-KN} 56. Ne7 Nf4 {...Kg4 is the strong threat.} 57. Nc8 $2 {[%mdl 8192]} (57. Nc6 $15) 57... Kg4 58. Ne7 Kf3 $2 (58... Kxh4 {mates} 59. Nc8 Kg4 60. Nd6 g5 61. Nc4 Nd5 62. Nd6 Kf4 63. Nc4 g4 64. Kg1 h4 65. Nb2 g3 66. Nd3+ Ke4 67. Nc5+ Kf3 68. Ne6 Nf4 69. Nd4+ Ke4 70. Nb3 h3 71. Nd2+ Kd3 72. Nf1 g2 73. Ng3 Ne2+ 74. Nxe2 Kxe2 75. Kh2 Kf2 76. Kxh3 g1=Q 77. Kh4 Qg6 78. Kh3 Qh5#) 59. Nc8 $1 Nd5 {And now ...Kg4 would win.} 60. Nd6 $2 {[%mdl 8192]} (60. Kh3 $15 Nf4+ 61. Kh2) 60... Kg4 {Black mates.} 61. Ne4 Kxh4 62. Kg2 Kg4 63. Nf2+ Kf5 64. Kg3 g5 65. Nh3 h4+ 66. Kh2 Nf4 67. Nf2 g4 68. Kg1 g3 69. Nd1 Ke4 70. Kf1 Kf3 {Accuracy: White = 40%, Black = 44%.} 0-1

[Event "RUS-ch Men Blitz 2019"]
[Site "Sochi"]
[Date "2019.10.17"]
[Round "7.22"]
[White "Remizov, Yaroslav"]
[Black "Eraschenkov, Denis"]
[Result "1-0"]
[WhiteElo "2394"]
[BlackElo "2382"]
[Annotator "TA"]
[PlyCount "83"]
[EventDate "2019.10.17"]
[EventType "swiss"]
[EventCountry "RUS"]
[SourceTitle "playchess.com"]
[Source "ChessBase"]
[SourceQuality "1"]

{[%evp 18,83,13,0,-12,-10,0,-4,43,39,28,34,34,34,34,34,35,29,29,27,21,0,0,0,0,0,0,0,0,0,7,8,2,0,6,0,2,0,0,0,0,0,0,1,81,54,172,171,685,649,597,566,776,708,666,615,1157,1129,1256,1196,1574,1258,5514,5202,5077,4727,5097,4710]} 1. e4 e6 2. d4 d5 3. Nc3 Nf6 4. e5 Nfd7 5. f4 c5 6. Nf3 Nc6 7. Be3 a6 8. Qd2 b5 9. Be2 Qb6 10. O-O (10. Nd1 {feels hotter.} a5 11. a3 Nxd4 12. Nxd4 cxd4 13. Bxd4 Bc5 14. c3) 10... cxd4 {[%mdl 64] [#] Remove Defender. C11: French: Classical System: 4 e5 and 4 Bg5 dxe4} 11. Nxd4 Nxd4 (11... Bc5 12. Rad1 g6 13. a3 Bb7 14. Rf3 Nxd4 15. Bxd4 Bxd4+ 16. Qxd4 Rc8 17. Rh3 Ke7 18. Kf1 Qxd4 19. Rxd4 {½-½ (91) Kamsky,G (2700)-Akobian,V (2556) Philadelphia 2005}) 12. Bxd4 Qxd4+ {The position is equal.} (12... Bc5 $5 {[%cal Rc5d4]} 13. Rad1 O-O $11) 13. Qxd4 Bc5 14. Qxc5 Nxc5 15. b4 Na4 16. Nxa4 bxa4 17. c4 dxc4 18. Rac1 Bd7 $146 19. Rxc4 Bb5 20. Rc2 Bxe2 21. Rxe2 $11 {[%mdl 4096] Endgame KRR-KRR} Rc8 22. Rd2 Rc4 23. a3 {Hoping for Rd6.} Rc3 24. Rf3 Rc1+ $1 25. Kf2 O-O 26. Rd6 Ra8 27. Rfd3 {[#] White wants to mate with Rd8+.} g6 28. Rd7 Rac8 29. Ra7 R1c2+ 30. Kf3 R2c3 (30... R8c6 $11) 31. Ke3 Rb3 ({Black should play} 31... R3c6 $14) 32. Rxa6 $18 Rcc3 $2 (32... Rd8 33. Rad6 Ra8) 33. Rxc3 {White is clearly winning.} Rxc3+ {KR-KR} 34. Kd4 Rxa3 35. Kc5 Rc3+ 36. Kb6 a3 37. b5 {[%cal Bb4b5,Bb5b6,Bb6b7][%mdl 32]} Kg7 38. Ka7 g5 39. fxg5 Kg6 40. b6 Kxg5 41. b7 Rc7 42. Rxa3 {Accuracy: White = 79%, Black = 46%.} 1-0

[Event "RUS-ch Men Blitz 2019"]
[Site "Sochi"]
[Date "2019.10.17"]
[Round "7.23"]
[White "Ulybin, Mikhail"]
[Black "Mnatsakanian, Arsen"]
[Result "1-0"]
[WhiteElo "2455"]
[BlackElo "2321"]
[Annotator "TA"]
[PlyCount "97"]
[EventDate "2019.10.17"]
[EventType "swiss"]
[EventCountry "RUS"]
[SourceTitle "playchess.com"]
[Source "ChessBase"]
[SourceQuality "1"]

{[%evp 23,97,47,77,52,51,65,75,74,118,95,143,135,147,137,175,141,238,192,208,213,358,330,335,260,236,187,169,126,120,114,366,365,345,345,358,351,329,213,212,-331,491,476,484,486,494,414,425,313,491,439,405,193,410,138,316,192,307,300,308,283,313,318,314,293,333,318,1057,535,1000,1025,1207,1162,6146,6146,6348,5963]} 1. d4 Nf6 2. c4 c5 3. d5 e6 4. Nc3 exd5 5. cxd5 d6 6. e4 g6 7. Bd3 Bg7 8. h3 O-O 9. Nf3 Re8 10. O-O a6 11. a4 Nbd7 12. Bf4 Qc7 13. Qd2 {A70: Modern Benoni: 6 e4 g6 7 Nf3} (13. Re1 Nh5 14. Bh2 Ne5 15. Be2 Nxf3+ 16. Bxf3 Nf6 17. e5 dxe5 18. d6 Qb6 19. Bxe5 Be6 20. Qd2 Bb3 21. Qf4 Qb4 22. Qxb4 cxb4 23. Bxf6 Bxf6 {½-½ (30) Kharitonov,A (2552)-Mozharov,M (2494) Moscow 2010}) 13... Nh5 14. Bh2 Ne5 $146 ({Predecessor:} 14... c4 15. Bc2 Nc5 16. Rfe1 Nd7 17. Rac1 Rb8 18. Nd4 Qc5 19. Rcd1 Kh8 20. Kh1 Nhf6 {1-0 (28) Kowalska,S (1867)-Zmarzly,A (1824) Szklarska Poreba 2007}) 15. Nxe5 {White is better.} Bxe5 16. Bxe5 Rxe5 17. f4 Re8 18. Bc4 Rb8 19. e5 {And now g4 would win.} Ng3 (19... f5 $16 20. Rfe1 Qd8) 20. Rfe1 Nf5 21. Ne4 Kf8 (21... Rf8 $142 22. Qc3 Qd8) 22. Nf6 Re7 23. Nxh7+ Kg7 24. Ng5 {Qc3 is the strong threat.} dxe5 25. fxe5 Rxe5 26. Qc3 $36 {[%mdl 2048] White has strong initiative.} Nd4 $2 {[%mdl 8192] [#]} (26... f6 $16 {was called for.}) 27. d6 $1 $18 {[%cal Rd6c7][%mdl 512]} Rxe1+ (27... Qxd6 28. Nxf7) 28. Rxe1 ({But not} 28. Qxe1 Qxd6 29. Qh4 (29. Bxf7 Bxh3 30. gxh3 Qf6 $15) (29. Nxf7 Qf4 $16) 29... Bf5 $18) 28... Qxd6 29. Nxf7 Qf6 30. Re8 b5 31. Bd5 $4 {[%mdl 8192] [#]} (31. Qd2 $18 {[%csl Gf7][%cal Rd2h6]} Nf5 32. axb5 axb5 33. Bd5) 31... Ne2+ $4 {[%mdl 8192]} (31... Bb7 $19 {and life is good for Black.} 32. Nd6 Qxd6 33. Rxb8 Qxb8 34. Bxb7 Qxb7 35. Qxc5 Qe4 36. axb5 Nxb5) 32. Rxe2 Qxc3 33. bxc3 bxa4 34. Ra2 Bd7 35. c4 Rb3 (35... Kf6 $142 36. Nd6 Ke5) 36. Ne5 Be8 37. Nc6 (37. Nf3 $142) 37... a3 $2 (37... Bxc6 38. Bxc6 a3) 38. Kh2 $2 (38. Nd8 $18) 38... Kf6 $2 (38... Bxc6 $16 {keeps fighting.} 39. Bxc6 Kf6) 39. h4 g5 (39... Bxc6 {might work better.} 40. Bxc6 g5) 40. hxg5+ Kxg5 41. Na5 Rc3 42. Nb7 Bg6 43. Nxc5 Bb1 44. Ra1 Kf4 $2 (44... Bd3 45. Na4 Rc2) 45. Na4 {White is clearly winning.} Rd3 46. Rxb1 a2 47. Ra1 Ra3 48. Nb6 Ke5 49. c5 {Accuracy: White = 40%, Black = 23%.} 1-0